[Event "IECC KO-5051"]
[Site "IECC email"]
[Date "2006.05.23"]
[Round "?"]
[White "Kasperski, Marcin"]
[Black "DuNard, Philip"]
[Result "1-0"]
[WhiteElo "1625"]
[BlackElo "1158"]
[PlyCount "67"]
[EventDate "2006.??.??"]
[EventType "match (corr)"]
[EventRounds "2"]
[SourceTitle "Corr 2020"]
[Source "ChessBase"]
[SourceDate "2019.09.30"]
[SourceVersion "1"]
[SourceVersionDate "2019.09.30"]
[SourceQuality "1"]
[WhiteTeam "Poland"]
[BlackTeam "United States"]
[WhiteTeamCountry "POL"]
[BlackTeamCountry "USA"]

1. e4 c5 2. Nf3 d6 3. d4 cxd4 4. Nxd4 Nc6 5. Be3 g6 6. Nc3 Bg7 7. Qd2 Nf6 8. f3 0-0 9. 0-0-0 a6 10. h4 Nh5 11. Qf2 Nxd4 12. Bxd4 Bh6+ 13. Kb1 Bf4 14. g4 e5 15. Bb6 Qf6 16. gxh5 gxh5 17. Nd5 Qh6 18. Ne7+ Kh8 19. Nxc8 Raxc8 20. Bh3 Rce8 21. Bc7 Be3 22. Qe2 Bc5 23. a3 Re7 24. Ba5 Ba7 25. c4 Bd4 26. Bf5 f6 27. Rh2 Rg8 28. Bd2 Qf8 29. Be3 Bxe3 30. Qxe3 Qb8 31. Qb6 Rg3 32. Rxd6 Qc7 33. c5 Kg7 34. Rxf6 1-0

[Event "IECC CL7-2004.18 email"]
[Site "IECC email"]
[Date "2004.11.16"]
[Round "?"]
[White "Fritsch, Klaus"]
[Black "DuNard, Philip"]
[Result "0-1"]
[WhiteElo "977"]
[BlackElo "1173"]
[PlyCount "88"]
[EventDate "2004.??.??"]
[EventType "tourn (corr)"]
[EventRounds "4"]
[SourceTitle "Corr 2008"]
[Source "ChessBase"]
[SourceDate "2008.06.24"]
[SourceVersion "1"]
[SourceVersionDate "2008.06.24"]
[SourceQuality "1"]

1. e4 e5 2. Nf3 Nc6 3. Nc3 Nf6 4. Bb5 Bc5 5. Nxe5 Nxe5 6. d4 Bxd4 7. Qxd4 Nc6 8. Qe3 0-0 9. 0-0 a6 10. Bxc6 dxc6 11. b3 Re8 12. Ba3 Nd5 13. Nxd5 cxd5 14. Qd4 dxe4 15. Qc3 Re6 16. Bb2 f6 17. Qc4 Qe7 18. f4 exf3 19. Rxf3 b5 20. Qd5 c6 21. Qh5 Re4 22. Rd3 Bg4 23. Qh4 Qc5+ 24. Qf2 Qxf2+ 25. Kxf2 Re2+ 26. Kg3 Rxc2 27. Ba3 Be6 28. Rd6 Bd5 29. Rd1 Rxg2+ 30. Kh3 Rxa2 31. Bc5 a5 32. Re1 Rc8 33. Re7 Rg2 34. Red7 Rg6 35. Rd8+ Rxd8 36. Rxd8+ Kf7 37. Rf8+ Ke6 38. Re8+ Kd7 39. Re7+ Kd8 40. Ra7 Bxb3 41. Ra8+ Kd7 42. Ra7+ Ke6 43. Rxa5 Ba4 44. Ra6 Kd5 0-1

[Event "IECC O-1901"]
[Site "IECC email"]
[Date "2004.02.26"]
[Round "?"]
[White "DuNard, Philip"]
[Black "Shavor, Gregg"]
[Result "1/2-1/2"]
[WhiteElo "1115"]
[BlackElo "1094"]
[PlyCount "60"]
[EventDate "2004.??.??"]
[EventType "swiss (corr)"]
[EventRounds "2"]
[SourceTitle "Corr 2020"]
[Source "ChessBase"]
[SourceDate "2019.09.30"]
[SourceVersion "1"]
[SourceVersionDate "2019.09.30"]
[SourceQuality "1"]
[WhiteTeam "United States"]
[BlackTeam "United States"]
[WhiteTeamCountry "USA"]
[BlackTeamCountry "USA"]

1. e4 c6 2. Nf3 d5 3. exd5 cxd5 4. Bb5+ Nc6 5. 0-0 Bg4 6. d4 Nf6 7. Qd3 e6 8. Ne5 Rc8 9. Bg5 Bd6 10. Bxf6 Qxf6 11. Nxg4 Qh4 12. Ne5 0-0 13. Bxc6 Bxe5 14. dxe5 Rxc6 15. Nc3 f6 16. Rae1 Qg5 17. f4 Qh5 18. Nb5 fxe5 19. fxe5 Rxf1+ 20. Qxf1 Rxc2 21. Nxa7 Qg5 22. Nb5 Rxb2 23. Rc1 h5 24. a4 h4 25. Re1 h3 26. Re2 Rxe2 27. Qxe2 Qc1+ 28. Qf1 Qe3+ 29. Qf2 Qc1+ 30. Qf1 Qe3+ 1/2-1/2

[Event "IECC P email"]
[Site "IECC email"]
[Date "2003.06.11"]
[Round "?"]
[White "Van Gimst, Herman"]
[Black "DuNard, Philip"]
[Result "1/2-1/2"]
[WhiteElo "1089"]
[BlackElo "1122"]
[PlyCount "58"]
[EventDate "2003.??.??"]
[EventType "tourn (corr)"]
[EventRounds "6"]
[SourceTitle "Corr 2008"]
[Source "ChessBase"]
[SourceDate "2008.06.24"]
[SourceVersion "1"]
[SourceVersionDate "2008.06.24"]
[SourceQuality "1"]

1. d4 Nf6 2. c4 g6 3. Nc3 d5 4. cxd5 Nxd5 5. e4 Nxc3 6. bxc3 Bg7 7. Nf3 0-0 8. Qc2 Nc6 9. d5 Ne5 10. Nxe5 Bxe5 11. Rb1 Qd6 12. g3 Qf6 13. Bb2 Qf3 14. Rg1 f5 15. Bg2 Qh5 16. f4 Bf6 17. e5 Bxe5 18. fxe5 f4 19. gxf4 Rxf4 20. e6 Qxh2 21. Rh1 Qg3+ 22. Kd1 Rf2 23. Qe4 Qxg2 24. Qxg2 Rxg2 25. Rf1 Bxe6 26. dxe6 Rd8+ 27. Kc1 Rdd2 28. Ba3 Rc2+ 29. Kd1 Rgd2+ 1/2-1/2

[Event "IECC CL7-2003.07 email"]
[Site "IECC email"]
[Date "2003.02.21"]
[Round "?"]
[White "DuNard, Philip"]
[Black "Giordano, Luca"]
[Result "0-1"]
[WhiteElo "1146"]
[BlackElo "1090"]
[PlyCount "66"]
[EventDate "2003.??.??"]
[EventType "tourn (corr)"]
[EventRounds "4"]
[SourceTitle "Corr 2008"]
[Source "ChessBase"]
[SourceDate "2008.06.24"]
[SourceVersion "1"]
[SourceVersionDate "2008.06.24"]
[SourceQuality "1"]

1. e4 e5 2. Nf3 Nc6 3. d4 exd4 4. Nxd4 Nf6 5. Nc3 Bb4 6. Bg5 h6 7. Bh4 g5 8. Bg3 Nxe4 9. Nxc6 Bxc3+ 10. bxc3 bxc6 11. Qd4 0-0 12. Be5 f6 13. Qxe4 Qe7 14. Qg6+ Kh8 15. Qxh6+ Kg8 16. Qg6+ Kh8 17. Qe4 d5 18. Qe3 Qxe5 19. Qxe5 fxe5 20. Be2 Bf5 21. Bd1 Rab8 22. 0-0 Rb2 23. Re1 Re8 24. h3 Bxc2 25. Bg4 c5 26. Re2 d4 27. cxd4 cxd4 28. Rd2 c5 29. Be2 e4 30. Bc4 e3 31. Re2 Kg7 32. Bd3 Bxd3 33. Rxb2 e2 0-1

[Event "IECC KO email"]
[Site "IECC email"]
[Date "2001.09.08"]
[Round "?"]
[White "Turko, Sergey Ivanovich"]
[Black "DuNard, Philip"]
[Result "1-0"]
[WhiteElo "1270"]
[BlackElo "1023"]
[PlyCount "39"]
[EventDate "2001.??.??"]
[EventType "tourn (corr)"]
[EventRounds "6"]
[SourceTitle "Corr 2008"]
[Source "ChessBase"]
[SourceDate "2008.06.24"]
[SourceVersion "1"]
[SourceVersionDate "2008.06.24"]
[SourceQuality "1"]

1. c4 c6 2. d4 d5 3. Nf3 Nf6 4. Nc3 g6 5. e3 Bg7 6. Bd3 0-0 7. 0-0 Nbd7 8. cxd5 cxd5 9. Bd2 a6 10. Rc1 Re8 11. Qb3 e6 12. e4 Nb6 13. e5 Nfd7 14. Ne2 f6 15. exf6 Nxf6 16. Ba5 Nfd7 17. Ne5 Bxe5 18. dxe5 Nxe5 19. Bxb6 Qd6 20. Bc7 1-0

[Event "IECC Swiss email"]
[Site "IECC email"]
[Date "2001.07.07"]
[Round "?"]
[White "DuNard, Philip"]
[Black "Pearl, Daniel"]
[Result "1-0"]
[WhiteElo "1000"]
[BlackElo "1526"]
[PlyCount "21"]
[EventDate "2001.??.??"]
[EventType "tourn (corr)"]
[EventRounds "6"]
[SourceTitle "Corr 2008"]
[Source "ChessBase"]
[SourceDate "2008.06.24"]
[SourceVersion "1"]
[SourceVersionDate "2008.06.24"]
[SourceQuality "1"]

1. d4 Nf6 2. c4 g6 3. Nc3 Bg7 4. Nf3 0-0 5. e4 d6 6. Bd3 Nc6 7. h3 e5 8. Be3 Nh5 9. d5 Ne7 10. 0-0 Nf5 11. exf5 1-0